<?xml version="1.0" encoding="UTF-8"?>
<collection xmlns="http://www.loc.gov/MARC21/slim">
 <record>
  <leader>00476pamaa2200157   4500</leader>
  <controlfield tag="001">0000017644</controlfield>
  <controlfield tag="005">20060531090000.0</controlfield>
  <datafield tag="020" ind1="0" ind2="0">
   <subfield code="a">0071006206 </subfield>
  </datafield>
  <datafield tag="082" ind1=" " ind2=" ">
   <subfield code="a">330.95957 TOH</subfield>
  </datafield>
  <datafield tag="090" ind1="0" ind2="0">
   <subfield code="a">HC445.8 </subfield>
   <subfield code="b">TOH 1990</subfield>
  </datafield>
  <datafield tag="100" ind1="1" ind2="0">
   <subfield code="a">TOH MUN HENG </subfield>
  </datafield>
  <datafield tag="245" ind1="1" ind2="3">
   <subfield code="a">An economic framework of Singapore : </subfield>
   <subfield code="b">principles and issues  </subfield>
   <subfield code="c">Toh Mun Heng and Linda Low.</subfield>
  </datafield>
  <datafield tag="260" ind1="0" ind2="0">
   <subfield code="a">Singapore: </subfield>
   <subfield code="b">McGraw Hill, </subfield>
   <subfield code="c">1990.</subfield>
  </datafield>
  <datafield tag="300" ind1=" " ind2=" ">
   <subfield code="a">xi, 368p.: </subfield>
   <subfield code="b">24cm.</subfield>
  </datafield>
  <datafield tag="651" ind1="0" ind2="0">
   <subfield code="a">Singapore -- </subfield>
   <subfield code="x">Economic conditions </subfield>
  </datafield>
  <datafield tag="700" ind1="1" ind2="1">
   <subfield code="a">Low, </subfield>
   <subfield code="h">Linda </subfield>
  </datafield>
 </record>
</collection>
